000 00298nam a2200145Ia 4500
100 _aSamsung
942 _cBK
654 _aTelecom
245 _aLinear IC data book: Telecom
260 _bSamsung
_aKorea
_c1990
082 _a621.38173
_bSAM
300 _a396
546 _aENGLISH
999 _c20230
_d20230